| 000 | 01049nas a2200289 4500 | ||
|---|---|---|---|
| 001 | BR8802280 | ||
| 003 | BR-BrBNA | ||
| 005 | 20231205091115.0 | ||
| 007 | ta | ||
| 008 | 230509b bl.|||p| |||| 00| 00por d | ||
| 040 |
_aBR-BrBNA _bpor _cBiblioteca Nacional de Agricultura |
||
| 041 | _a(Pt) | ||
| 072 | _aP32 | ||
| 100 | 1 | _aBerg, M. van den | |
| 100 | 1 | _aLepsch, I.F. | |
| 100 | 1 | _aSakai, E. | |
| 111 | 1 |
_a20. Congresso Brasileiro de Ciencia do Solo _cBelem, PA (Brazil) _dJul 1985 |
|
| 245 | 1 | _aSolos de planicies aluviais do vale do rio Ribeira do Iguape, Sao Paulo, 1: padroes de distribuicao | |
| 246 | 1 | _aSoils of the alluvial plains of the Ribeira de Iguape river, state of Sao Paulo, Brazil, 1: distribution patterns | |
| 650 | _aCLASSIFICACAO DO SOLO | ||
| 650 | _aSOLO HIDROMORFICO | ||
| 650 | _aVARZEA | ||
| 650 | _aSAO PAULO | ||
| 773 | 0 |
_tRevista Brasileira de Ciencia do Solo (Brazil) _xISSN 0100-0683 _g(Sep-Dec 1987), v. 11(3) p. 305-313 _wBR8802280 |
|
| 909 |
_a202311 _bLúcia _c55 _dLúcia Elande |
||
| 942 |
_2AGRIS _n0 _cANA |
||
| 999 |
_c122820 _d122820 |
||